MEDICAL EMERGENCIES IN GENERAL PRACTICE (Record no. 216843)

MARC details
000 -LEADER
fixed length control field 00563nam a22001937a 4500
008 - FIXED-LENGTH DATA ELEMENTS--GENERAL INFORMATION
fixed length control field 260318b |||||||| |||| 00| 0 eng d
020 ## - INTERNATIONAL STANDARD BOOK NUMBER
International Standard Book Number 978-93-5465-663-7
050 ## - LIBRARY OF CONGRESS CALL NUMBER
Classification number RC 86.G87 2023
100 ## - MAIN ENTRY--PERSONAL NAME
Personal name GUPTA SP
245 ## - TITLE STATEMENT
Title MEDICAL EMERGENCIES IN GENERAL PRACTICE
250 ## - EDITION STATEMENT
Edition statement 10th
260 ## - PUBLICATION, DISTRIBUTION, ETC.
Place of publication, distribution, etc. NEW DELHI
Name of publisher, distributor, etc. JAYPEE BROTHERS MEDICAL PUBLISHERS
Date of publication, distribution, etc. 2023
300 ## - PHYSICAL DESCRIPTION
Extent X,445
500 ## - GENERAL NOTE
General note INCLUDES AN INDEX
650 ## - SUBJECT ADDED ENTRY
Topical term or geographic name entry element EMERGENCY MEDICINE-TEXTBOOKS,FIRST AID IN ILLNESS AND INJURY
700 ## - ADDED ENTRY--PERSONAL NAME
Personal name GUPTA DINESH K.
942 ## - ADDED ENTRY ELEMENTS (KOHA)
Source of classification or shelving scheme Library of Congress Classification
Koha item type Long Loan Book
Holdings
Withdrawn status Lost status Source of classification or shelving scheme Damaged status Not for loan Collection Home library Current library Shelving location Date acquired Inventory number Total checkouts Full call number Barcode Date last seen Copy number Price effective from Koha item type
    Library of Congress Classification     Medicine Kisii University Library Kisii University Library On Display 03/18/2026 112455   RC 86.G87 2023 A000021 03/18/2026 C.3 03/18/2026 Long Loan Book
    Library of Congress Classification     Medicine Kisii University Library Kisii University Library On Display 03/18/2026 112454   RC 86.G87 2023 A000020 03/18/2026 C.2 03/18/2026 Long Loan Book
    Library of Congress Classification     Medicine Kisii University Library Kisii University Library On Display 03/18/2026 112453   RC 86.G87 2023 A000019 03/18/2026 C.1 03/18/2026 Long Loan Book
    Library of Congress Classification     Medicine Kisii University Library Kisii University Library On Display 04/16/2026 112968   RC 86 .G87 2023 a001764 04/16/2026 4 04/16/2026 Long Loan Book